The American automobile : A brief history
Zapisane w:
| 1. autor: | |
|---|---|
| Format: | Książka |
| Język: | Undetermined |
| Wydane: |
Chicago
University of Chicago Press
1965
|
| Hasła przedmiotowe: | |
| Etykiety: |
Dodaj etykietę
Nie ma etykietki, Dołącz pierwszą etykiete!
|
| Thư viện lưu trữ: | Trung tâm Học liệu Trường Đại học Cần Thơ |
|---|
| LEADER | 00583nam a2200217Ia 4500 | ||
|---|---|---|---|
| 001 | CTU_84428 | ||
| 008 | 210402s9999 xx 000 0 und d | ||
| 082 | |a 338.4 | ||
| 082 | |b R126 | ||
| 100 | |a Rae, John Bell | ||
| 245 | 4 | |a The American automobile : | |
| 245 | 2 | |b A brief history | |
| 245 | 0 | |c John Bell Rae | |
| 260 | |a Chicago | ||
| 260 | |b University of Chicago Press | ||
| 260 | |c 1965 | ||
| 650 | |a Automobile industry and trade | ||
| 650 | |x History | ||
| 650 | |z United States | ||
| 904 | |i QHieu(sửa) | ||
| 980 | |a Trung tâm Học liệu Trường Đại học Cần Thơ | ||